000 00370cam a2200157 a 4500
020 _a0070326851 :
040 _cDLC
082 0 0 _a330 MCG 1984 A076 Or.
100 1 _aJohnston, J.
245 1 0 _aEconometric methods /
250 _a3rd ed.
260 _aNew York :
_bMcGraw-Hill,
_cc1984.
300 _aviii, 568 p. ;
_c24 cm.
650 0 _aEconometrics.
942 _cEK
999 _c15286
_d15286